|
|
|
|
| LEADER |
00981nam a22003132a 4500 |
| 001 |
001462919 |
| 003 |
CZ BrMZK |
| 005 |
20150427081625.0 |
| 007 |
ta |
| 008 |
150323s1953 xr er|||||||||||cze d |
| 015 |
|
|
|a cnb000509352
|
| 020 |
|
|
|c Kčs 37,00
|
| 035 |
|
|
|a (OCoLC)85314993
|
| 040 |
|
|
|a ABA001
|b cze
|c OLA001
|d ABA001
|d BOA001
|
| 041 |
1 |
|
|a cze
|h rus
|
| 100 |
1 |
|
|a Kaverin, Veniamin Aleksandrovič,
|d 1902-1989
|7 jn19990210320
|4 aut
|
| 245 |
1 |
0 |
|a Dva kapitáni :
|b hra o 3 jednáních a 7 obrazech /
|c Veniamin Aleksandrovič Kaverin
|
| 250 |
|
|
|a 1. vyd.
|
| 260 |
|
|
|a Praha :
|b Orbis,
|c 1953
|
| 300 |
|
|
|a 69 s. ;
|c 20 cm
|
| 490 |
1 |
|
|a Hry pro mládež ;
|v sv. 24
|
| 500 |
|
|
|a 1700 výt.
|
| 500 |
|
|
|a Přeloženo z ruštiny
|
| 765 |
0 |
|
|t Dva kapitana
|9 Česky
|
| 830 |
|
0 |
|a Hry pro mládež (Orbis)
|0 s
|
| 910 |
|
|
|a BOA001
|b 2-0309.364
|
| 990 |
|
|
|a BK
|
| 991 |
|
|
|b 201503
|
| 996 |
6 |
|
|b 2618823829
|c 2-0309.364
|l MZK
|r Sklad / do 24 hodin
|n 0
|w 001497830
|u 000010
|a 1
|e BOA001
|j MZK50
|s P
|